00569nam a22001577a 4500020000800000040001700008082001700025100003200042245008800074250001100162260007300173300003500246942001200281999001900293952009900312 qPB. cFizza Ishaq  a301.633bHUG aGraham, Davis Hugh.9134081 aVIOLENCE IN AMERICA: HISTORICAL AND COMPARATIVE PERSPECTIVES /c Hugh Davis Graham. aVol. 1 bNational Commission on the Causes and Prevention of Violence,c1969. a301 p, ; c5.8 x 9 x .7 inches 2ddccBK c617011d617011 00102ddc4070aNQCbNQCcGENd2026-04-13l0o301.633 HUGpQD-344r2026-04-13w2026-04-13yBK